000 00721nam a2200253Ia 4500
003 OSt
005 20220928102154.0
006 a|||||r|||| 00| 0
007 ta
008 220927b |||||||| |||| 00| 0 hin d
020 _cINR 325.00
024 _a144754
037 _b502, 15/03/2021, Radhika Books
_cTextual
040 _aSDCL
_cSDCL
_bhin
041 _2hin
_ahin
082 _aO152:g(Y15), Q9
100 _aKomatsu Hisaye
_9396935
245 0 _aStree ashmita ki khoj
260 _aNew Delhi
_bNayee Kitab
_c2019
300 _a144p.
_ccm.
650 _aHindi
_9391598
942 _hO152:g(Y15), Q9
_cTEXL
_2CC
999 _c712696
_d712696